00566nam a2200217 a 450000100060000000300090000600800410001502000150005604000280007108200170009910000280011624500190014425000060016326000500016930000110021949000240023059000430025465000220029794200120031999900170033119122CO-ViMGA141112s2004 ck r 000 u spa d a9681641191 aCO-ViMGAbspacCO-ViMGA04aV863.5 G153d1 aGallegos, Romulo92742510aDoña Barbara a2 aMexico : bFondo de Cultura Ecónomica; 1993 a347 p. aColección popular aForma de adquisición : Proyecto 200514aNOVELA VENEZOLANA 2ddccBK c28293d28293